| 000 | 00620nam a2200193Ia 4500 | ||
|---|---|---|---|
| 003 | GCL | ||
| 008 | 140319s9999 xx 000 0 ara d | ||
| 040 |
_aGCL / _cGCL |
||
| 082 | 0 | 4 |
_a811 _bف ر |
| 100 | 1 | _aفاروق مخلوف | |
| 245 | 1 | 0 |
_aرسالة الى امى مرثية ملحمية طويلة / _cفاروق مخلوف |
| 260 |
_aالقاهرة : _bمطابع الاهرام ، _c1996 |
||
| 300 |
_a55 ص ؛ _c20 سم |
||
| 490 | _a | ||
| 650 | 0 | 4 | _aالشعر العربى |
| 650 | 0 | 4 | _aالشعر الاجتماعى |
| 650 | 0 | 4 | _aالشعر العربى - دواوين وقصائد |
| 942 |
_2ddc _cBK |
||
| 999 |
_c52279 _d52279 |
||